000 00488cam a22002054a 4500
005 20250605164318.0
008 250528s ||||||||||||||||||||||||d
035 _a22792
020 _a9780256259827
040 _aGR-AtMCL
_bgre
_dGR-AtMCL
_eAACR2
245 1 _aINTERNATIONAL MARKETING
250 _a10
260 _bMcgraw Hill,
_c1999
300 _a721
700 1 _aCateora Philip R
_91173
700 1 _aGraham John L
_9752
942 _cBK
999 _c7837
_d7837